00519nam a2200193Ia 450000500170000000800410001702000180005804000190007604100120009508200160010710000220012324500520014525000400019726000280023730000160026550400190028165000140030085000110031420240424135819.0131103s9999 xx 000 0 und d a0 675 20802 5 aLoreto College aEnglish a371.3 bBLA aBlair, Timothy R. aEmerging Patterns of TeachingcTimothy R. Blair a from methods to field experiences  aColumbusbMerrillc1988 axvii,163p.  aIncludes index aEducation aLCBED